| 000 | 00690nam a2200181Ia 4500 | ||
|---|---|---|---|
| 008 | 090630s9999 xx 000 0 und d | ||
| 082 | _b28375 | ||
| 100 | _aजाधव पंजाबराव. | ||
| 245 |
_aयशस्वी जीवनाची वाटचाल. _cजाधव पंजाबराव. |
||
| 260 |
_bस्नेहवर्धन. _c2007 |
||
| 300 | _a224 | ||
| 600 | _aजाधव पंजाबराव. | ||
| 630 | _aयशस्वी जीवनाची वाटचाल. | ||
| 655 | _aइतर. | ||
| 700 | _aजाधव पंजाबराव. | ||
| 730 | _aयशस्वी जीवनाची वाटचाल. | ||
| 942 | _cBOOK | ||
| 999 |
_c280231 _d280231 |
||